00502nam a2200181Ia 4500003000400000005001700004008004100021020002200062040000700084041000800091082002400099100002000123245007700143260004500220300001800265365001300283650002400296OSt20230329095809.0210423s2017 xx 000 0 und d a978-0-19-946682-5 cAL aeng a332.1532 223bPRAR aPRABHU (Nagesh) aReflective shadows: political economy of the world bank lending to India aNew DelhibOxford University Pressc2017 axxxix,541bPB b995cINR aFinancial Economics